[Event "FRA-ch U26 rapid"]
[White "Demuth, Adrien"]
[Black "Sauviat, Thomas"]
[Site "Chalons en Champagne"]
[Round "7"]
[Result "1-0"]
[Date "2015.03.29"]
[WhiteElo "2600"]
[BlackElo "2320"]
[PlyCount "45"]
[EventDate "2015.03.28"]
[EventType "swiss (rapid)"]
[EventRounds "9"]
[EventCountry "FRA"]
[SourceTitle "CBM 165 Extra"]
[Source "ChessBase"]
[SourceDate "2015.04.21"]
[SourceVersion "1"]
[SourceVersionDate "2015.04.21"]
[SourceQuality "1"]

1. Nf3 Nf6 2. c4 c5 3. b3 g6 4. Bb2 Bg7 5. g3 0-0 6. Bg2 Nc6 7. 0-0 d6 8. d4 cxd4 9. Nxd4 Bd7 10. Nc3 Qc8 11. Re1 Nxd4 12. Qxd4 Bc6 13. e4 Nd7 14. Nd5 Bxd4 15. Nxe7+ Kg7 16. Bxd4+ f6 17. Nxc8 Rfxc8 18. Rad1 Nc5 19. Bxc5 dxc5 20. e5 Bxg2 21. Rd7+ Kh6 22. Kxg2 fxe5 23. Rxe5 1-0

[Event "FRA-chT U20"]
[White "Sauviat, Thomas"]
[Black "Fischer, Julie"]
[Site "Limoges"]
[Round "3"]
[Result "1-0"]
[Date "2014.03.16"]
[WhiteElo "1834"]
[BlackElo "1955"]
[PlyCount "71"]
[EventDate "2014.03.15"]
[EventType "team-match"]
[EventRounds "3"]
[EventCountry "FRA"]
[SourceTitle "EXT 2015"]
[Source "ChessBase"]
[SourceDate "2014.11.20"]
[SourceVersion "1"]
[SourceVersionDate "2014.11.20"]
[SourceQuality "1"]
[WhiteTeam "Limoges"]
[BlackTeam "Bischwiller"]
[WhiteTeamCountry "FRA"]
[BlackTeamCountry "FRA"]

1. c4 Nf6 2. Nc3 d6 3. d4 g6 4. Nf3 Bg7 5. g3 0-0 6. Bg2 c5 7. dxc5 dxc5 8. 0-0 Nfd7 9. Bf4 Nc6 10. Qc1 Re8 11. Nd5 e5 12. Bg5 f6 13. Bh6 e4 14. Ne1 Nd4 15. Nc3 Bh8 16. Nc2 f5 17. Rd1 Ne6 18. Nb5 Be5 19. h4 Qf6 20. Rb1 f4 21. Nd6 Bxd6 22. Rxd6 fxg3 23. fxg3 Ne5 24. Ne3 Qe7 25. Qd2 Nd4 26. Rxd4 cxd4 27. Nd5 Qc5 28. Nf6+ Kf7 29. Nxe4 Nxc4 30. Qf4+ Qf5 31. Qc7+ Re7 32. Qxc4+ Be6 33. Nd6+ Kg8 34. Nxf5 Bxc4 35. Nxe7+ Kf7 36. Bd5+ 1-0